| 000 | 00792nam a2200229 u 4500 | ||
|---|---|---|---|
| 005 | 20240706063700.0 | ||
| 008 | 160912s2012 mx r 000 0 spa d | ||
| 020 | _a9786077771777 (UAEM) | ||
| 020 | _a9786077110989 (Juan Pablos) | ||
| 035 | _aUPN01000213151 | ||
| 049 | _aCG | ||
| 050 | 4 |
_aLC4015 _bA7.6 |
|
| 245 | 0 | 0 |
_aArquetipos, memorias y narrativas en el espejo : _binfancia anormal y educación especial en los siglos XIX y XX / _ccoord. Antonio Padilla Arrollo. |
| 260 |
_aMéxico : _bUAEM : _bJuan Pablos, _c2012. |
||
| 300 | _a368 p. | ||
| 440 | 0 |
_aEducación ; _v4 |
|
| 650 | 4 |
_aNiños con discapacidad _xEducación _91549 |
|
| 650 | 4 |
_aEDUCACION ESPECIAL - _xHISTORIA _917816 |
|
| 700 | 1 |
_aPadilla Arroyo, Antonio, _d1958- _ecoord. _939663 |
|
| 905 | _aLibro | ||
| 999 |
_c185251 _d185251 |
||